00304nam a2200097Ia 4500008004100000082002100041100001900062245005900081260004700140999001900187120229s9999 xx 000 0 und d a309.154164 BAR  aBareh, Hamlet  aImlang sahlang bad ka trei ka ktah: mynta bad lashai  bKhasi Cultural Society aShillong c1992 c128336d128336